BIBLIOTECA PODER JUDICIAL
Portal Judicial TDF

Los peligros de ser una mujer proveedora de cuidados / (Registro nro. 6053)

000 -LEADER
fixed length control field 01123nab a22002057a 4500
003 - CONTROL NUMBER IDENTIFIER
control field OSt
005 - DATE AND TIME OF LATEST TRANSACTION
control field 20260120233039.0
008 - FIXED-LENGTH DATA ELEMENTS--GENERAL INFORMATION
fixed length control field 190514b xxu||||| |||| 00| 0 spa d
040 ## - CATALOGING SOURCE
Transcribing agency PJ
100 ## - MAIN ENTRY--PERSONAL NAME
9 (RLIN) 6694
Personal name Roldan, Cinthia Vanesa
245 13 - TITLE STATEMENT
Title Los peligros de ser una mujer proveedora de cuidados /
Statement of responsibility, etc Cinthia Vanesa Roldan.
300 ## - PHYSICAL DESCRIPTION
Extent p. 86-95
500 ## - GENERAL NOTE
General note Cita: TR LALEY AR/DOC/248/2024.
505 ## - FORMATTED CONTENTS NOTE
Formatted contents note Sumario: I. Introducción.— II. La plataforma fáctica.— III. Las sentencias dictadas.— IV. Algunas reflexiones sobre el caso.— V. ¿Resulta aplicable al caso el art. 434 Cód. Civ. y Com.?— VI. Breve cierre.
505 ## - FORMATTED CONTENTS NOTE
Title Fallos comentados:<br/>*JFamilia Nro. 1 Esquel ~ 07/02/2023 ~ N., A. D. c. B., T. I. s/ incidente de cese de asistencia alimentaria en Autos.<br/>*CApel. Esquel ~ 11/09/2023 ~ N., A. D. s/ recurso de apelación.
650 #0 - SUBJECT ADDED ENTRY--TOPICAL TERM
9 (RLIN) 967
Topical term or geographic name as entry element DERECHO DE FAMILIA
650 #0 - SUBJECT ADDED ENTRY--TOPICAL TERM
9 (RLIN) 1057
Topical term or geographic name as entry element JURISPRUDENCIA APLICABLE
773 0# - HOST ITEM ENTRY
Host Biblionumber 2844
Host Itemnumber 3222
Place, publisher, and date of publication Buenos Aires : AbeledoPerrot, 1989-
Title Derecho de familia. Revista Interdisciplinaria de doctrina y jurisprudencia. Abril 2024-II.
International Standard Book Number 18511201
942 ## - ADDED ENTRY ELEMENTS (KOHA)
Source of classification or shelving scheme
Koha item type Analítica Artículo de Revista

No hay ítems disponibles.

12 de Octubre 789 Ushuaia - Tel:  54(02901)441571
Horario de Atención: 8.00 a 17.00 hs. 
bibliotecaush@justierradelfuego.gov.ar
koha@justierradelfuego.gov.ar
Seguinos en nuestras redes @bibliojustdf 

Con tecnología Koha